000 00303nam a22001217a 4500
020 _a0-831-1001-5
082 _a669 DEL'A
100 _aDELOLLIS, NICHOLAS J
_978936
245 _aADHESIVES FOR METALS THEORY AND TECHNOLOGY
260 _aNEWYORK
_bINDUSTRIAL PRESS
_c1970
300 _a230P
942 _cBK
999 _c584007
_d584007